000 00512nam a22001097a 4500
008 110616t xxu||||| |||| 00| 0 eng d
010 _aCACAF41
245 _aThe Court of Appeal Criminal Appeal No. 46 of 1997 Moses Sekajja and three others Vs Uganda.
260 _c1997
500 _aCoram: Hon. Mr. Justice S.T. Manyindo, Hon. Mr. Justice G.M. Okello, JA Hon. Lady Justice C.N.B. Kitumba, JA
999 _c3076
_d3076